00596nam a2200157 a 4500001001000000003000400010005001700014008004100031040002500072082001500097100003000112245008400142260004500226300002700271534014000298000033543OSt20260321073642.0110831s1984 nyu 000 0 spa d aDO-SdBNPbspacBNPHU axxxbB742u1 a Bosch, Juan, d1909-200110aThe unfinished experiment :bdemocracy in the Dominican Republic /cJuan Bosch. aNew York :bFrederick A. Praeger,c1984. axiii, 239 p. ;c22 cm. pTítulo original :tCrisis de la democracia de América en la República Dominicana :cCentro de Estudios y Documentación Sociales